| 000 | 00562nam a2200181 a 4500 | ||
|---|---|---|---|
| 005 | 20140310183525.0 | ||
| 008 | 110606s19uu xx 00 eng d | ||
| 020 | _a9710489695 | ||
| 050 |
_aHF 5661 _b.D334 2010 |
||
| 100 | _aDayag, Antonio | ||
| 245 |
_aCPA examination in Practical Accounting 2. / _cAntonio J. Dayag. |
||
| 260 |
_aRecto Ave. , Manila : _bGIC Enterprises & Co., Inc, _c2010. |
||
| 300 |
_a1047 p. : _c23 cm. |
||
| 521 | _aBSA | ||
| 650 |
_aPractical accounting. _xAccounting- Theories & application. |
||
| 942 |
_cBK _2lcc |
||
| 999 |
_c24506 _d24506 |
||